000 00428nam a2200157Ia 4500
008 260520s2026 xx 000 0 und d
041 _aeng
082 _a515.33/JAD
100 _aJadhav, B P
245 _aMathematics : Differential Calculus B.Sc.II, S-IV, P-VII (Major) NEP 2.0
250 _a1st ed
260 _aKOLHAPUR
_bPhadke Prakashan
_c2026
300 _a124p.
500 _aCat No: 15228
650 _aMATHEMATICS
999 _c1221943
_d1221943